Practical food inspection

Kaydedildi:
Detaylı Bibliyografya
Yazar: Martin, C. R. A. (autor)
Materyal Türü: Kitap
Dil:İngilizce
Baskı/Yayın Bilgisi: Londres H.K.Lewis 1973
Edisyon:8a. ed
Konular:
Etiketler: Etiketle
Etiket eklenmemiş, İlk siz ekleyin!

MARC

LEADER 00000nam a2200000 a 4500
001 UCR5358
003 CL-VaPUC
008 980327e19730000UK |||||||||||||||||eng|d
082 0 4 |a 664.07  |b MAR  |2 21 
100 |a Martin, C. R. A.  |e autor  |9 406199 
245 1 0 |a Practical food inspection 
250 |a 8a. ed 
300 |a 785 p 
942 |c BK 
945 |d 19980327 00:00:00  |a crobeson 
260 |a Londres  |b H.K.Lewis  |c 1973 
650 7 |a INSPECCION DE ALIMENTOS  |2 CL-VaPUC  |9 361368 
650 7 |a INSPECCION  |2 CL-VaPUC  |9 406200 
650 7 |a METODOS  |2 CL-VaPUC  |9 335948 
650 7 |a INSPECCION DE LA CARNE  |2 CL-VaPUC  |9 406201 
650 0 |a Control de calidad   |9 259714 
583 |a last modification  |c 19980327 00:00:00  |k Rodrigo Vera 
999 |c 267967  |d 267965 
952 |0 0  |1 0  |4 0  |6 664_070000000000000_MAR_1973  |7 0  |8 A  |9 300817  |a BIBALI  |b BIBALI  |c GEN  |d 2019-11-20  |i 1973614  |o 664.07 MAR 1973  |p 1973614  |r 2025-01-20  |w 2019-11-20  |y BK  |k ALI